| 000 | 01675nam a2200421 i 4500 | ||
|---|---|---|---|
| 001 | 21517 | ||
| 003 | FlNmELB | ||
| 005 | 20241216213931.0 | ||
| 006 | m o d | | ||
| 007 | cr cnu|||||||| | ||
| 008 | 161213s2016 ag ob 000 0 spa d | ||
| 020 | _z9789870000000 | ||
| 020 | _a9781512932485 (e book) | ||
| 035 | _a(MiAaPQ)EBC4676026 | ||
| 035 | _a(Au-PeEL)EBL4676026 | ||
| 035 | _a(CaPaEBR)ebr11259577 | ||
| 035 | _a(OCoLC)984792605 | ||
| 040 |
_aFINmELB _bspa _erda _cFINmELB |
||
| 050 | 4 |
_aHQ734 _bC3379 2016 |
|
| 080 | _a316.36 | ||
| 082 | 0 |
_a306.81 _223 |
|
| 100 | 1 | _aCaselli de Ferreyra, Martha. | |
| 245 | 1 | 0 |
_aMatrimonios en crisis : _b℗·me separo? ℗·me divorcio? ℗Łno aguanto m{acute}as! ℗·vale la pena? / _cMartha Caselli de Ferreyra. |
| 264 | 1 |
_aBuenos Aires : _bSB Editorial, _c2016. |
|
| 300 | _a1 recurso en l{acute}inea (208 p{acute}aginas) | ||
| 336 |
_atexto _btxt _2rdacontent/spa |
||
| 337 |
_acomputadora _bc _2rdamedia/spa |
||
| 338 |
_arecurso en l{acute}inea _bcr _2rdacarrier/spa |
||
| 504 | _aContiene bibliograf{acute}ia. | ||
| 588 | _aDescripci{acute}on basada en recurso en l{acute}inea; T{acute}itulo de la p{acute}agina del t{acute}itulo en PDF (e-libro, visto December 13, 2016). | ||
| 590 | _aRecurso electronico. Santa Fe, Arg. : e-libro, 2016. Disponible via World Wide Web. El acceso puede ser limitado para las bibliotecas afiliadas a e-libro. | ||
| 650 | 0 |
_aMarriage _xPsychological aspects. |
|
| 650 | 4 | _aMatrimonio. | |
| 650 | 4 | _aPsicolog{acute}ia. | |
| 655 | 4 | _aLibros electr{acute}onicos. | |
| 797 | 2 | _ae-libro, Corp. | |
| 856 | 4 | 0 | _uhttps://elibro.net/ereader/politecnicointernacional/76440 |
| 999 |
_c21517 _d21517 |
||